Culturas en contacto, encuentros y desencuentros / (Record no. 186509)

MARC details
000 -LEADER
campo de control de longitud fija 00954nam a2200241 i 4500
001 - NÚMERO DE CONTROL
campo de control 186509
003 - IDENTIFICADOR DE NÚMERO DE CONTROL
campo de control SpMaBN
005 - FECHA Y HORA DE LA ÚLTIMA TRANSACCIÓN
campo de control 20230906222702.0
008 - DATOS DE LONGITUD FIJA--INFORMACIÓN GENERAL
campo de control de longitud fija 161118s2003 sp |||| |dspa d
020 ## - NÚMERO INTERNACIONAL ESTÁNDAR DEL LIBRO
Número Internacional Estándar del Libro 84-369-3682-5
080 ## - NÚMERO DE LA CLASIFICACIÓN DECIMAL UNIVERSAL
Número de la Clasificación Decimal Universal 316.7
245 00 - MENCIÓN DEL TÍTULO
Título Culturas en contacto, encuentros y desencuentros /
Mención de responsabilidad, etc. coordinadores, José Luis García, Ascensión Barañano.
260 ## - PUBLICACIÓN, DISTRIBUCIÓN, ETC.
Lugar de publicación, distribución, etc. [Madrid] :
Nombre del editor, distribuidor, etc. Secretaría General Técnica, Subdirección General de Información y Publicaciones,
Fecha de publicación, distribución, etc. [2003]
300 ## - DESCRIPCIÓN FÍSICA
Extensión 283 p. ;
Dimensiones 24 cm.
504 ## - NOTA DE BIBLIOGRAFÍA, ETC.
Nota de bibliografía, etc. Referencias bibliográficas.
546 ## - NOTA DE IDIOMA
Nota de lengua/lenguaje Texto en español, resúmenes en español e inglés.
594 ## - Nota al título y mención de responsabilidad
Nota al título y mención de responsabilidad Recoge las intervenciones del curso "Culturas en Contacto. Encuentros y desencuentros"
650 07 - PUNTO DE ACCESO ADICIONAL DE MATERIA--TÉRMINO DE MATERIA
Término de materia o nombre geográfico como elemento de entrada Grupos sociales.
9 (RLIN) 13166
650 07 - PUNTO DE ACCESO ADICIONAL DE MATERIA--TÉRMINO DE MATERIA
Término de materia o nombre geográfico como elemento de entrada Comunicación intercultural.
9 (RLIN) 11198
700 1# - ENTRADA AGREGADA--NOMBRE PERSONAL
Nombre de persona García García, José Luis.
9 (RLIN) 54663
700 1# - ENTRADA AGREGADA--NOMBRE PERSONAL
Nombre de persona Barañano, Ascensión.
9 (RLIN) 161331
852 ## - LOCALIZACIÓN
Ubicación ES-MaACL
Número de control de estantería L-30853
Holdings
Estatus retirado Estado de pérdida Estado de daño No para préstamo Biblioteca de origen Biblioteca actual Ubicación en estantería Fecha de adquisición Fuente de adquisición Total de préstamos Signatura topográfica completa Código de barras Visto por última vez Precio de reemplazo Tipo de ítem Koha
        Biblioteca del Ateneo de Madrid Biblioteca del Ateneo de Madrid Depósito 2 18/11/2016     L-30853 1196675 23/02/2023 23/02/2023 Libro impreso